| 000 | 00845nam a2200229 a 4500 | ||
|---|---|---|---|
| 001 | BRCA_534 | ||
| 005 | 20190320203042.0 | ||
| 008 | 950208s1994 mx-a---##b---f000-0#spa-# | ||
| 020 | _a968731821 | ||
| 040 |
_aDLC _cDLC _dDLC |
||
| 050 | 4 |
_aN6260 _b.A78 1994 |
|
| 245 | 1 | 0 | _aArte islámico del Museo Metropolitano de Arte de Nueva York. |
| 260 |
_aMéxico _bUNAM : CONACULTA : DDF _c1994 |
||
| 300 |
_a301 p. _bil. (algunas a color) _c30 cm. |
||
| 500 | _aCatálogo de la exposición realizada en el Colegio de San Ildefonso, septiembre 1994 - enero, 1995 | ||
| 504 | _aBibliografía: p. 43-44 | ||
| 610 | 2 | 4 |
_aMetropolitan Museum of Art (Nueva York) _xExposiciones _91846 |
| 650 | 1 | 4 |
_aArte islámico _xExposiciones _91847 |
| 650 | 1 | 4 |
_aArte _xExposiciones _zNueva York _91848 |
| 710 | 2 |
_aColegio de San Ildefonso (México) _91849 |
|
| 942 |
_2lcc _cB |
||
| 999 |
_c466 _d466 |
||